Manínska Tiesňava Autocamping Manínska Tiesňava : chatová osada : interiér kaviarne

Zobrazenie: Štyri čiastkové pohľady oddelené bielymi líniami. Pohľad na zasnežené skaly na vrchu hory. Pohľad na chaty v rade vedľa seba aj za sebou. Pred nimi je karavan a osobné auto. V pozadí vidno vysoké, husto zalesnené hory. Vľavo sú na svahu ďalšie chaty. Okolie je zasnežené. Pohľad na rekrea...

Full description

Bibliographic Details
Other Authors: Zemiar, Bohuslav, 1952- (Photographer)
Format: Photo
Language:Slovak
PhysicalDescription:1 pohľadnica (4 čiastkové pohľady) farebná 11 x 15 cm
Published: Bratislava ČSTK-Pressfoto 1987
Subjects:

MARC

LEADER 00000ckm a2200000 a 4500
001 vtls001200904
003 SK-MaSNL
005 20260331202948.0
007 kf co
008 250414s1987 xo g 0kuslo
015 |a SNBG1987 
035 |a SNK000143974 
040 |a SNK  |b slo  |c SNK  |e AACR2 
041 0 |a slo 
043 |a e-xo--- 
044 |a xo  |c SK 
072 7 |a 908(437)  |x Vlastiveda Česka a Slovenska  |2 konspekt 
080 |a 913(437.6)  |2 2011 
080 |a 908(437.6)  |2 2011 
080 |a (084.121)  |2 2011 
080 |a 551.435.4  |2 2011 
080 |a 551.24.055  |2 2011 
080 |a 630*10  |2 2011 
080 |a 728.61  |2 2011 
080 |a 711.455.8  |2 2011 
080 |a 711.582.7  |2 2011 
080 |a 640.43  |2 2011 
080 |a 72.012.8  |2 2011 
100 1 |a Zemiar, Bohuslav,  |d 1952-  |4 pht  |9 47876 
245 1 0 |a Manínska Tiesňava  |h grafika  |b Autocamping Manínska Tiesňava : chatová osada : interiér kaviarne  |c foto: B. Zemiar ; výtvarný návrh: S. Štubňa 
260 |a Bratislava  |b ČSTK-Pressfoto  |c 1987  |e Skalica  |f Grafobal 
300 |a 1 pohľadnica (4 čiastkové pohľady)  |b farebná  |c 11 x 15 cm 
520 8 |a Zobrazenie: Štyri čiastkové pohľady oddelené bielymi líniami. Pohľad na zasnežené skaly na vrchu hory. Pohľad na chaty v rade vedľa seba aj za sebou. Pred nimi je karavan a osobné auto. V pozadí vidno vysoké, husto zalesnené hory. Vľavo sú na svahu ďalšie chaty. Okolie je zasnežené. Pohľad na rekreantov za plotom rekreačného areálu. Za nimi sú dve nízke budovy, medzi ktorými vedie chodník. Vpravo je na budove nápis: "Chatová osada Manínska tiesňava". Vpravo v popredí vidno v snehu vysokú pouličnú lampu. V diaľke sa týči vysoká, husto zalesnená hora. Pohľad na interiér reštaurácie s radmi prestretých stolov. Niektoré stoly sú obsadené 
650 0 7 |a skaly  |2 SNKPH  |9 73945 
650 0 7 |a vrchy a štíty  |2 SNKPH  |9 165131 
650 0 7 |a lesy  |2 SNKPH  |9 1437 
650 0 7 |a chaty  |2 SNKPH  |9 29339 
650 0 7 |a autokempingy  |2 SNKPH  |9 784 
650 0 7 |a rekreačné oblasti  |2 SNKPH  |9 69057 
650 0 7 |a reštaurácie  |2 SNKPH  |9 23080 
650 0 7 |a interiéry  |2 SNKPH  |9 2953 
651 7 |a Manínska tiesňava (Súľovské vrchy, Slovensko)  |2 SNKPHgeo  |9 52564 
655 7 |a geografické pohľadnice  |2 SNKPH  |9 70522 
655 7 |a miestne pohľadnice  |2 SNKPH  |9 70510 
700 1 |a Štubňa, Stanislav  |c (grafik)  |4 art  |9 283307 
852 |a Slovenská národná knižnica 
954 |a pohľadnice  |2 lita 
958 |a GBN 
958 |a GC 
958 |a OND 
999 |c 1213414  |d 1215344 
952 |a SNK  |b SNK  |y PREZ  |7 0  |p 17A1407130  |o snkSP 139378  |i snkPV 1647/88  |0 0  |1 0  |4 0  |d 2022-04-06  |f 1  |l 0  |r 2026-02-24 23:19:46  |w 2026-02-24 
952 |a SNK  |b SNK  |y PREZ  |7 0  |p 17A1407054  |o snkSP 139378 D1  |i snk1648/88  |0 0  |1 0  |4 0  |d 2022-04-06  |l 0  |r 2026-02-24 23:19:46  |w 2026-02-24